Production systems technology student workbook (Record no. 582572)

000 -LEADER
fixed length control field 00486nam a22001817a 4500
003 - CONTROL NUMBER IDENTIFIER
control field CEME
005 - DATE AND TIME OF LATEST TRANSACTION
control field 20210628205843.0
008 - FIXED-LENGTH DATA ELEMENTS--GENERAL INFORMATION
fixed length control field 210317b xxu||||| |||| 00| 0 eng d
020 ## - INTERNATIONAL STANDARD BOOK NUMBER
International Standard Book Number 0-02-667593-5
040 ## - CATALOGING SOURCE
Transcribing agency .
082 ## - DEWEY DECIMAL CLASSIFICATION NUMBER
Classification number 658.5 COU
100 ## - MAIN ENTRY--PERSONAL NAME
Personal name Coulter, Susan J.
9 (RLIN) 77273
245 ## - TITLE STATEMENT
Title Production systems technology student workbook
260 ## - PUBLICATION, DISTRIBUTION, ETC.
Place of publication, distribution, etc. LAKE FOREST
Name of publisher, distributor, etc. GLENCOE
Date of publication, distribution, etc. 1992
300 ## - PHYSICAL DESCRIPTION
Extent 128P
650 ## - SUBJECT ADDED ENTRY--TOPICAL TERM
Topical term or geographic name entry element PRODUCTION SYSTEMS PRODUCTION TECHNOLOGY
9 (RLIN) 77274
942 ## - ADDED ENTRY ELEMENTS (KOHA)
Koha item type Book
Source of classification or shelving scheme
Holdings
Withdrawn status Lost status Damaged status Not for loan Permanent Location Current Location Shelving location Date acquired Total Checkouts Full call number Barcode Date last seen Price effective from Koha item type
        College of Electrical & Mechanical Engineering (CEME) College of Electrical & Mechanical Engineering (CEME) General Stacks 06/06/2017   658.5 COU CEME-32949 06/28/2021 06/28/2021 Book
© 2023 Central Library, National University of Sciences and Technology. All Rights Reserved.